00677nam a2200229Ia 45000010006000000050017000060070003000230080041000260400025000670410008000920820019001001000023001192450051001422500013001932600033002063000019002396530013002586530017002719420012002889520130003009990017004304440920240114003628.0ta090228s1958 g b000 u 465 u aCotton College,Assam a465 a759.5bAm 35 H aThorndike, J. J. . 0aHorizon /cJ. J. Thorndike.hTextual Documents a1st ed / aUSA :bJames Parton ,c1958. a152p ;c34 cm. aPainting aT/G-Painting 2ddccBK 001040708Circulation (T/G)aSKBLbSKBLd2012-02-01f00000l0o759.5 Am 35 Hp42599r2024-01-14 00:00:00t1w2012-02-01yBK c44375d44375